00769 a2200157 45000010006000000050017000060080041000230030015000640400040000790800073001192450036001922640043002283000019002715050300002901000021005903794020260407155645.0260407a1977 arg spa dAR-UNSa-BCEJYS aAR-UNSa-BCEJYSbspacAR-UNSa-BCEJYS a658.8xOrganización de mercados. Marketing. Ventas. Distribución10aLogistica de comercialización 1aBuenos Aires :bEdiciones Macchic1977 a314 p.c23 cm. a1. Ubicación de la estrategia de logística dentro de la estrategia integrada de comercialización - 2. Teoría de la probabilidad, distribuciones, Valor esperado - 3. Política de canales de distribución - 4. Gestión de stocks - 5. Localización de stocks y política de transporte.1 aLevy, Alberto R.